| 000 | 00334nam a22001337a 4500 | ||
|---|---|---|---|
| 008 | 170810b xxu||||| |||| 00| 0 eng d | ||
| 020 | _a9780130306579 | ||
| 041 | _aeng | ||
| 080 |
_25TH _a004 |
||
| 100 | _a35 | ||
| 101 | _aSHKI | ||
| 245 |
_aAN INTRODUCTION TO PROGRAMMING USING VISUAL BASIC .NET _cSCHNEIDER, D.I |
||
| 942 |
_2udc _cBK |
||
| 999 |
_c23085 _d23085 |
||